| 000 | 01198cas a2200253 4500 | ||
|---|---|---|---|
| 001 | L153734 | ||
| 008 | 110823c2010 eng u | ||
| 035 | _a(Sirsi) u153734 | ||
| 041 | 0 | _aeng | |
| 050 | _a333.33 $2 18 | ||
| 110 | 2 |
_aJones Lang LaSalle _93755 |
|
| 245 | 0 | 0 | _aUK office rents benchmark |
| 260 |
_aLondon _bJLL _cJune 2010 |
||
| 362 | 0 | _aJune 2010- | |
| 490 | 0 |
_aJones Lang LaSalle UK Office Rents Benchmark _vJune 2010 |
|
| 520 | _aThe UK Office Rents report is a national guide to prime rents. It provides comparisons of the rental levels currently achievable (ERVs) and the incentives on offer in over 165 major towns and cities of England, Wales, Scotland and Northern Ireland. Includes a UK office rents contour map. | ||
| 554 | _aOccasional | ||
| 650 | 2 | 4 | _aJONES LANG LASALLE UK OFFICE RENTS BENCHMARK |
| 651 | 4 |
_aUnited Kingdom _y |
|
| 690 | _aPROPERTY-COMMERCIAL PROPERTY-COMMERCIAL PROPERTY FINANCE AND INVESTMENT | ||
| 690 | _aPROPERTY-COMMERCIAL PROPERTY-COMMERCIAL PROPERTY MARKET | ||
| 856 | 4 | 0 |
_uhttps://www.joneslanglasalle.co.uk/UnitedKingdom/EN-GB/Pages/ResearchFilter.aspx _zView the benchmark free of charge at www.joneslanglasalle.co.uk |
| 942 | _n0 | ||
| 999 |
_c119356 _d119356 |
||